000 004650000a22001570004500
090 _aAR
_b01095
245 1 0 _aDescriptions of new birds from mt. Duida, Venezuela
650 1 4 _aAves
_992429
650 1 4 _aNuevas especies
_992905
650 1 4 _aTaxonomía animal
_98245
651 4 _lCerro Duida
_dAtabapo
_pVenezuela
_992749
041 0 _aInglés
100 1 _aChapman, Frank M.
_994323
942 _cARTICULO
773 1 _tAmerican Museum Novitates
_3183
_h380
_q1-16
_d1929
999 _c10181
_d10181